000 00742cam a2200205 a 4500
001 15169868
005 20241113145808.0
008 080205s2008 miua b 001 0 eng
020 _a9780801035708 (pbk.)
020 _a0801035708 (pbk.)
050 0 0 _aBX7260.O3
_bR67 2008
082 0 0 _a277.3/0825
_222
100 1 _aRosell, Garth.
245 1 4 _aThe surprising work of God :
_bHarold John Ockenga, Billy Graham, and the rebirth of evangelicalism /
_cGarth M. Rosell.
260 _aGrand Rapids, Mich. :
_bBaker Academic,
_cc2008.
300 _a268 p. :
_bill. ;
_c23 cm.
650 0 _aEvangelicalism
_zUnited States
_xHistory.
856 4 1 _3Table of contents only
_uhttp://www.loc.gov/catdir/toc/ecip0810/2008005063.html
942 _2lcc
_cBK
_n0
999 _c1129
_d1129